Historia de las literaturas de vanguardia /
Сохранить в:
| Главный автор: | |
|---|---|
| Формат: | Неизвестно |
| Язык: | Spanish |
| Опубликовано: |
Madrid :
Ediciones Guadarrama,
1974.
|
| Редактирование: | 3. edición |
| Предметы: | |
| Метки: |
Добавить метку
Нет меток, Требуется 1-ая метка записи!
|
MARC
| LEADER | 000000000a22000000004500 | ||
|---|---|---|---|
| 001 | 010812 | ||
| 020 | |a 8425001196 | ||
| 041 | 0 | |a spa | |
| 082 | 0 | 4 | |a 809 |b T689h |
| 100 | 1 | |a Torre, Guillermo de | |
| 245 | 1 | 0 | |a Historia de las literaturas de vanguardia / |c Guillermo de Torre. |
| 250 | |a 3. edición | ||
| 260 | 1 | |a Madrid : |b Ediciones Guadarrama, |c 1974. | |
| 300 | |a 3 páginas | ||
| 500 | |a La biblioteca contiene dos ejemplares, uno donado por George Yúdice | ||
| 650 | 4 | |a LITERATURA | |
| 650 | 4 | |a HISTORIA Y CRITICA | |
| 999 | |c 16216 |d 16216 | ||
| 942 | |c BK |h 809 T689h |2 z | ||



